| 000 | 00558nam a2200217Ia 4500 | ||
|---|---|---|---|
| 005 | 20250326144203.0 | ||
| 008 | 250326s9999 xx 000 0 und d | ||
| 020 | _a81-7094-570-4 | ||
| 037 | _aTextbook | ||
| 040 |
_aFMSL _beng _cFMSL |
||
| 041 |
_aeng _2eng |
||
| 084 |
_aX:51 P4 _qFMSL |
||
| 100 |
_aPring Martin _9749210 |
||
| 245 | 0 |
_aMarket momentum _cPring Martin |
|
| 260 |
_aNew Delhi _bNew Delhi, Vision books _c2007 |
||
| 300 | _a329p | ||
| 365 | _b395 | ||
| 650 | _aNovel | ||
| 942 |
_cTB _hX:51 P4 |
||
| 999 |
_c1302713 _d1302713 |
||